[Event "1st Schaakweek Apeldoorn"]
[Site "Apeldoorn NED"]
[Date "2018.06.15"]
[Round "9.4"]
[White "Ernst, Sipke"]
[Black "Gascon Del Nogal, Jose Rafael"]
[Result "1/2-1/2"]
[WhiteTitle "GM"]
[BlackTitle "IM"]
[WhiteElo "2555"]
[BlackElo "2470"]
[WhiteFideId "1004689"]
[BlackFideId "3902463"]
[EventDate "2018.06.07"]

1. Nf3 Nf6 2. g3 d5 3. Bg2 e6 4. O-O c5 5. c4 d4 6. e3 Nc6 7. exd4 cxd4 8. d3
Bd6 9. a3 a5 10. Nbd2 O-O 11. Rb1 e5 12. Qc2 Re8 13. c5 Bf8 14. Re1 a4 15. Ng5
h6 16. Nge4 Nxe4 17. Nxe4 Be6 18. f4 Bb3 19. Qf2 f5 20. Nd6 Bxd6 21. cxd6 e4 22.
dxe4 fxe4 23. Rxe4 Qxd6 24. Bd2 Bd5 25. Rxd4 Nxd4 26. Qxd4 Rad8 27. Bc3 Rd7 28.
Rd1 Bxg2 29. Qxd6 Rxd6 30. Rxd6 Re2 31. h4 Be4 32. Rd8+ Kh7 33. Re8 Re3 34. g4
Rg3+ 35. Kf2 Rf3+ 36. Ke2 Rxf4 37. Ke3 Bc6 38. Kxf4 Bxe8 39. Ke4 1/2-1/2